000 00668nam a2200229Ia 4500
003 OSt
005 20221005040018.0
006 a|||||r|||| 00| 0
007 ta
008 221004b |||||||| |||| 00| 0 eng d
024 _a14987
037 _cTextual
040 _aCRL
_cCRL
_beng
041 _2eng
_aeng
082 _aa14:315, K2
245 0 _aEncyclopaedia of all Indological publications published in India and other countries relating to ancient Indian Learning
260 _aDelhi
_bMeharchand Lachhman Das
_c1962
300 _a385+39p
_ccm.
650 _aBIBLIOGRAPHY
942 _ha14:315, K2
_cTEXL
_2cc
999 _c946231
_d946231